[Event "40th ECC Open 2025"]
[Site "Rhodes GRE"]
[Date "2025.10.20"]
[Round "2.144"]
[White "Versyck, Dominique"]
[Black "Hofman, Marnix"]
[Result "0-1"]
[WhiteElo "2071"]
[BlackElo "2218"]
[WhiteTeam "KBSK Brugge"]
[BlackTeam "LSG Leiden"]
[WhiteFideId "244333"]
[BlackFideId "1008668"]
[EventDate "2025.10.19"]
[EventType "team"]

1. e4 c6 2. d4 d5 3. Nd2 dxe4 4. Nxe4 Nf6 5. Nxf6+ exf6 6. c3 Bd6 7. Bd3 O-O 8.
Qc2 Re8+ 9. Ne2 h5 10. O-O h4 11. h3 Nd7 12. Bd2 Nf8 13. Rae1 Bc7 14. f4 Qd6 15.
Kh1 b5 16. b3 g6 17. Ng1 Rxe1 18. Rxe1 f5 19. Nf3 Ne6 20. Bxf5 gxf5 21. Qxf5 Ng7
22. Qg5 Be6 23. Qxh4 Bd8 24. Qf2 Bd5 25. Ne5 Nf5 26. Nf3 Bf6 27. Kh2 Bxf3 28.
Qxf3 Qd5 29. Qg4+ Ng7 30. f5 c5 31. Bh6 cxd4 32. cxd4 Qxf5 33. Qxf5 Nxf5 34. Rf1
Nxh6 35. Rxf6 Kg7 36. Rd6 Rc8 37. Rd7 a6 38. Rd6 Nf5 39. Rxa6 Nxd4 40. Rd6 Nc6
41. Kg3 Kf8 42. a4 b4 43. Kf4 Ke7 44. Rd5 Ke6 45. Rb5 Rd8 46. Rb6 Kd5 47. Rb7
Ke6 48. Ke3 Rd1 49. Rc7 Ne5 50. Rb7 Nc6 51. Rc7 Ne7 52. Rb7 Nd5+ 53. Ke2 Rb1 54.
a5 Rb2+ 55. Kd1 Ra2 56. Ra7 Rxg2 57. Ra8 Ra2 58. h4 Kd6 59. h5 Nc7 60. Rb8 Rxa5
61. h6 Rh5 62. Rxb4 Nd5 63. Rb7 Ke6 64. Ra7 f6 65. h7 Ne7 66. Ra6+ Kf7 67. Kc2
Rxh7 68. Kd3 Rh4 69. Ra7 Ke6 70. Ra6+ Ke5 71. Ra1 Rd4+ 72. Kc2 Nd5 73. Ra4 Rxa4
74. bxa4 Kd4 0-1

[Event "40th ECC Open 2025"]
[Site "Rhodes GRE"]
[Date "2025.10.20"]
[Round "2.145"]
[White "Ragnarsson, Dagur"]
[Black "Sahidi, Samir"]
[Result "0-1"]
[WhiteTitle "IM"]
[BlackTitle "IM"]
[WhiteElo "2385"]
[BlackElo "2490"]
[WhiteTeam "Fjolnir"]
[BlackTeam "SK K Cero Invest Nitra"]
[WhiteFideId "2304058"]
[BlackFideId "14936372"]
[EventDate "2025.10.19"]
[EventType "team"]

1. d4 d5 2. c4 e6 3. Nc3 Nf6 4. cxd5 exd5 5. Bg5 c6 6. e3 Be7 7. Bd3 Nbd7 8. h3
O-O 9. Qc2 Re8 10. Nf3 Nf8 11. Ne5 Ne4 12. Bf4 Nd6 13. O-O g6 14. b4 a6 15. a4
Bf5 16. Bxf5 Nxf5 17. b5 Rc8 18. bxa6 bxa6 19. Ne2 c5 20. dxc5 Rxc5 21. Qa2 Bf6
22. Nd3 Rc4 23. Rac1 Rxc1 24. Rxc1 d4 25. exd4 Nxd4 26. Nxd4 Qxd4 27. Qb3 Rd8
28. Rd1 Ne6 29. Be3 Qd5 30. Qb6 Qc4 31. Qb1 Qxa4 32. Rc1 Qe4 33. Nc5 Nxc5 34.
Bxc5 Qxb1 35. Rxb1 a5 36. Rb6 Be5 37. Kf1 Ra8 38. Ke2 a4 39. Ba3 Bg7 40. Kd1 Bd4
41. Rc6 Bxf2 42. Kc2 Bd4 43. Kb1 Bg7 44. Ka2 h5 45. g4 hxg4 46. hxg4 Rd8 47. Bc1
Bf8 48. g5 a3 49. Ra6 Rc8 50. Be3 Rb8 51. Bd4 Be7 52. Bf6 Bxf6 53. gxf6 Kh7 54.
Ra7 Rf8 55. Ra5 Kh6 56. Kxa3 g5 57. Kb2 Kg6 0-1

[Event "40th ECC Open 2025"]
[Site "Rhodes GRE"]
[Date "2025.10.20"]
[Round "2.146"]
[White "Haring, Filip"]
[Black "Thorfinnsson, Bjorn"]
[Result "0-1"]
[WhiteTitle "IM"]
[BlackTitle "IM"]
[WhiteElo "2479"]
[BlackElo "2329"]
[WhiteTeam "SK K Cero Invest Nitra"]
[BlackTeam "Fjolnir"]
[WhiteFideId "14933080"]
[BlackFideId "2300982"]
[EventDate "2025.10.19"]
[EventType "team"]

1. e4 e5 2. Nf3 Nc6 3. Bc4 Nf6 4. d3 Bc5 5. c3 d6 6. Bg5 h6 7. Bh4 a5 8. Nbd2
Qe7 9. O-O Ba7 10. Re1 Bg4 11. h3 Bd7 12. d4 g5 13. Bg3 g4 14. hxg4 Nxg4 15. Bh4
f6 16. Nf1 Qg7 17. Ng3 O-O-O 18. Qb3 exd4 19. Nh5 Qg6 20. Nf4 Qh7 21. cxd4 Rde8
22. Bd5 h5 23. Rac1 Qh6 24. Ne6 Rh7 25. Bg3 h4 26. Bf4 Qh5 27. Nxc7 Kxc7 28.
Bxd6+ Kxd6 29. Qxb7 h3 30. Rxc6+ Bxc6 31. Qxc6+ Ke7 32. Qe6+ Kd8 33. Qd6+ Rd7
34. Qa6 h2+ 0-1

[Event "40th ECC Open 2025"]
[Site "Rhodes GRE"]
[Date "2025.10.20"]
[Round "2.147"]
[White "Bjornsson, Sigurbjorn"]
[Black "Bochnicka, Vladimir ml."]
[Result "0-1"]
[WhiteTitle "FM"]
[BlackTitle "IM"]
[WhiteElo "2282"]
[BlackElo "2347"]
[WhiteTeam "Fjolnir"]
[BlackTeam "SK K Cero Invest Nitra"]
[WhiteFideId "2300974"]
[BlackFideId "14943450"]
[EventDate "2025.10.19"]
[EventType "team"]

1. e4 c5 2. Nf3 Nc6 3. d4 cxd4 4. Nxd4 e5 5. Nb5 d6 6. c4 Be7 7. N5c3 Nf6 8. Bd3
O-O 9. O-O Be6 10. Nd5 Rc8 11. Nbc3 Nd4 12. Be3 Nxd5 13. Nxd5 Bxd5 14. exd5 Qb6
15. Rb1 f5 16. Re1 g6 17. Bf1 Bf6 18. Bxd4 Qxd4 19. Qxd4 exd4 20. f4 Rfe8 21.
Kf2 Re4 22. g3 Rce8 23. Bd3 Re3 24. Rbd1 h5 25. b4 b6 26. Rxe3 dxe3+ 27. Ke2 h4
28. Rg1 Kf7 29. g4 Bc3 30. gxf5 gxf5 31. Bxf5 Kf6 32. Bd3 Bxb4 33. Rg6+ Kf7 34.
Rh6 Bc5 35. Rh7+ Kf6 36. Rh6+ Kf7 37. Rh7+ Kf6 38. Rh6+ Kf7 39. Bf5 Rb8 40. Bd7
Ke7 41. Rh7+ Kf6 42. Rh6+ Ke7 43. Rh7+ Kf6 44. Rh6+ Kg7 45. Rxh4 a6 46. a4 Rd8
47. Bc6 Kf6 48. Rh6+ Kf7 49. Kf3 Rg8 50. Re6 Rg1 51. Be8+ Kg7 52. Bh5 Rc1 53. f5
Bd4 54. Ke4 Be5 55. Kxe3 Rxc4 56. Rg6+ Kf8 57. Rg4 Rc3+ 58. Ke2 Rh3 59. Bg6
Rxh2+ 60. Kd3 Rh3+ 61. Ke2 Rb3 62. Rc4 Ke7 63. Bh7 b5 64. axb5 Rxb5 65. Bg8 Kf6
66. Be6 Rb2+ 67. Kf3 Rb3+ 68. Kg4 a5 69. Rc7 Rg3+ 70. Kh4 Bf4 71. Rc4 Rf3 72.
Kg4 Rf1 73. Rxf4 Rxf4+ 0-1

[Event "40th ECC Open 2025"]
[Site "Rhodes GRE"]
[Date "2025.10.20"]
[Round "2.148"]
[White "Jablonicky, Martin"]
[Black "Johannesson, Oliver"]
[Result "1/2-1/2"]
[WhiteTitle "IM"]
[BlackTitle "FM"]
[WhiteElo "2330"]
[BlackElo "2264"]
[WhiteTeam "SK K Cero Invest Nitra"]
[BlackTeam "Fjolnir"]
[WhiteFideId "14925621"]
[BlackFideId "2305623"]
[EventDate "2025.10.19"]
[EventType "team"]

1. c4 e5 2. g3 Nf6 3. Bg2 d5 4. cxd5 Nxd5 5. Nc3 Nf6 6. Nf3 Nc6 7. O-O h6 8. d3
Bd6 9. a3 a5 10. Be3 O-O 11. Nb5 Re8 12. Rc1 Bg4 13. Nd2 Qd7 14. Nxd6 cxd6 15.
Nc4 Rab8 16. f3 Be6 17. Nb6 Qd8 18. Bf2 Nd4 19. Nc4 b5 20. Nd2 a4 21. e3 Nb3 22.
Nxb3 Bxb3 23. Qd2 Qd7 24. Qb4 Nd5 25. Qh4 b4 26. e4 bxa3 27. bxa3 Nc7 28. d4 Nb5
29. Bh3 Be6 30. Bxe6 Qxe6 31. d5 Qd7 32. Rc6 Nxa3 33. Ra1 Rb1+ 34. Rxb1 Nxb1 35.
Be3 a3 36. Bxh6 gxh6 37. Qxh6 Qe7 38. Rxd6 a2 39. Ra6 Nc3 40. d6 Qd7 41. Qg5+
Kh7 42. Qh5+ Kg7 43. Qg5+ 1/2-1/2

[Event "40th ECC Open 2025"]
[Site "Rhodes GRE"]
[Date "2025.10.20"]
[Round "2.149"]
[White "Birkisson, Bjorn Holm"]
[Black "Chovan, Milan"]
[Result "1/2-1/2"]
[WhiteTitle "CM"]
[BlackTitle "FM"]
[WhiteElo "2188"]
[BlackElo "2304"]
[WhiteTeam "Fjolnir"]
[BlackTeam "SK K Cero Invest Nitra"]
[WhiteFideId "2310600"]
[BlackFideId "14933691"]
[EventDate "2025.10.19"]
[EventType "team"]

1. d4 Nf6 2. c4 g6 3. Nc3 d5 4. cxd5 Nxd5 5. e4 Nxc3 6. bxc3 Bg7 7. Nf3 c5 8.
Be3 Qa5 9. Nd2 cxd4 10. Nc4 Qd8 11. cxd4 f5 12. Rc1 O-O 13. Ne5 Bxe5 14. Bc4+
Kg7 15. dxe5 Qxd1+ 16. Rxd1 Nc6 17. e6 Kf6 18. exf5 gxf5 19. O-O Bxe6 20. Bxe6
Kxe6 21. Rfe1 Kf6 22. Rd7 b6 23. h4 Rfd8 24. Bg5+ Kf7 25. Rc7 Rac8 26. Rb7 Re8
27. Kh2 Rb8 28. Rc7 Rbc8 29. Rb7 Rb8 30. Rc7 Rbc8 31. Rb7 1/2-1/2

[Event "40th ECC Open 2025"]
[Site "Rhodes GRE"]
[Date "2025.10.20"]
[Round "2.150"]
[White "Komora, Andrej"]
[Black "Hardarson, Jon Trausti"]
[Result "0-1"]
[WhiteTitle "FM"]
[WhiteElo "2332"]
[BlackElo "2076"]
[WhiteTeam "SK K Cero Invest Nitra"]
[BlackTeam "Fjolnir"]
[WhiteFideId "14900840"]
[BlackFideId "2302594"]
[EventDate "2025.10.19"]
[EventType "team"]

1. f4 d5 2. Nf3 Nf6 3. g3 e6 4. Bg2 b5 5. O-O Bb7 6. a4 a6 7. b3 Nbd7 8. Bb2
Bc5+ 9. e3 O-O 10. Nc3 b4 11. Ne2 Bd6 12. h3 c5 13. g4 c4 14. Ne5 cxb3 15. Nxd7
Nxd7 16. cxb3 Nc5 17. Ng3 Re8 18. Nh5 Bf8 19. g5 Ne4 20. Ra2 Nd6 21. h4 Nf5 22.
Bh3 d4 23. Kf2 Bc5 24. e4 Bxe4 25. d3 Bd5 26. Rg1 Kh8 27. Ng3 Qd6 28. Bc1 Ne3
29. Qh5 Qxf4+ 30. Ke1 Bf3 31. Rf2 Ng2+ 0-1

[Event "40th ECC Open 2025"]
[Site "Rhodes GRE"]
[Date "2025.10.20"]
[Round "2.151"]
[White "Seel, Christian"]
[Black "Krastev, Alexander"]
[Result "1-0"]
[WhiteTitle "IM"]
[BlackTitle "IM"]
[WhiteElo "2481"]
[BlackElo "2425"]
[WhiteTeam "KSK Rochade (BEL)"]
[BlackTeam "Schachgesellschaft Solingen"]
[WhiteFideId "4663098"]
[BlackFideId "12989983"]
[EventDate "2025.10.19"]
[EventType "team"]

1. Nf3 c5 2. c4 Nf6 3. Nc3 e6 4. g3 d5 5. cxd5 exd5 6. d4 Nc6 7. Bg2 cxd4 8.
Nxd4 Bc5 9. Nb3 Bb6 10. O-O d4 11. Na4 O-O 12. Nxb6 axb6 13. Qd3 Re8 14. Rd1 Bg4
15. Nxd4 Bxe2 16. Nxe2 Qxd3 17. Rxd3 Rxe2 18. Rd1 h6 19. a3 Rae8 20. Bf1 R2e6
21. Bf4 g5 22. Bd2 Ne4 23. Be3 Ne5 24. Bb5 R8e7 25. Rd8+ Kh7 26. Rc1 f5 27. Rcc8
Nf7 28. Rd7 Ned6 29. Rcc7 Rxd7 30. Bxd7 Re7 31. Bxb6 Kg6 32. Ba4 Re1+ 33. Kg2
Ne5 34. Bd4 g4 35. Bc3 Re4 36. Bc2 Re2 37. Bd1 Re4 38. f3 gxf3+ 39. Bxf3 Nxf3
40. Kxf3 Re6 41. a4 Ne4 42. Rxb7 Ng5+ 43. Kf2 Kh5 44. h4 Ne4+ 45. Kf3 Rg6 46.
Be1 Re6 47. Rb5 Nd6 48. Rd5 Rxe1 49. Rxd6 Rf1+ 50. Kg2 Ra1 51. Rd4 Ra2 52. Rb4
Ra1 53. Kf2 Ra2 54. Kf3 Ra1 55. Rf4 Kg6 56. g4 fxg4+ 57. Rxg4+ Kh5 58. Rb4 Rh1
59. Ke2 1-0

[Event "40th ECC Open 2025"]
[Site "Rhodes GRE"]
[Date "2025.10.20"]
[Round "2.152"]
[White "Van Foreest, Machteld"]
[Black "Nagy, Gabor1"]
[Result "1/2-1/2"]
[WhiteTitle "FM"]
[BlackTitle "GM"]
[WhiteElo "2314"]
[BlackElo "2441"]
[WhiteTeam "Schachgesellschaft Solingen"]
[BlackTeam "KSK Rochade (BEL)"]
[WhiteFideId "1051563"]
[BlackFideId "737119"]
[EventDate "2025.10.19"]
[EventType "team"]

1. e4 e5 2. Nf3 Nc6 3. Bc4 Bc5 4. c3 Nf6 5. d3 h6 6. Bb3 d6 7. Nbd2 a5 8. h3 Be6
9. Ba4 O-O 10. Nf1 Ne7 11. Ng3 Ng6 12. O-O c6 13. d4 Bb6 14. Bc2 Re8 15. Be3 Bc7
16. a4 Qd7 17. Re1 Rad8 18. Qd2 Qe7 19. Qe2 Qf8 20. Rad1 Bc8 21. Qf1 Be6 22. Qe2
Bc8 23. Qf1 Be6 24. Qe2 1/2-1/2

[Event "40th ECC Open 2025"]
[Site "Rhodes GRE"]
[Date "2025.10.20"]
[Round "2.153"]
[White "Glek, Igor"]
[Black "Bashylina, Luisa"]
[Result "1-0"]
[WhiteTitle "GM"]
[BlackTitle "WFM"]
[WhiteElo "2432"]
[BlackElo "2155"]
[WhiteTeam "KSK Rochade (BEL)"]
[BlackTeam "Schachgesellschaft Solingen"]
[WhiteFideId "4100484"]
[BlackFideId "12983292"]
[EventDate "2025.10.19"]
[EventType "team"]

1. Nf3 d5 2. b3 c5 3. e3 Nc6 4. Bb5 Nf6 5. Bb2 e6 6. Bxc6+ bxc6 7. d3 Bd6 8.
Nbd2 O-O 9. e4 Nd7 10. e5 Be7 11. Qe2 Nb6 12. c4 f5 13. exf6 gxf6 14. g4 d4 15.
Rg1 Bd6 16. Ne4 a5 17. g5 f5 18. Nxd6 Qxd6 19. Qe5 Qxe5+ 20. Nxe5 Nd7 21. Nxd7
Bxd7 22. Ba3 e5 23. Bxc5 Rfe8 24. Kd2 f4 25. f3 a4 26. b4 Bf5 27. Rae1 Re6 28.
Re2 Kf7 29. Rge1 Rae8 30. b5 cxb5 31. cxb5 Bg6 32. b6 Bh5 33. Bxd4 Bxf3 34. Rxe5
Bc6 35. Rxe6 Rxe6 36. Rc1 Bb7 37. h4 f3 38. Rc7+ Re7 39. Rxe7+ Kxe7 40. h5 Kf7
41. Ke3 Ba8 42. Kf4 Ke6 43. g6 h6 44. Kg3 1-0

[Event "40th ECC Open 2025"]
[Site "Rhodes GRE"]
[Date "2025.10.20"]
[Round "2.154"]
[White "Berg, Michael"]
[Black "Berczes, David"]
[Result "0-1"]
[WhiteTitle "FM"]
[BlackTitle "GM"]
[WhiteElo "2272"]
[BlackElo "2419"]
[WhiteTeam "Schachgesellschaft Solingen"]
[BlackTeam "KSK Rochade (BEL)"]
[WhiteFideId "4605330"]
[BlackFideId "722960"]
[EventDate "2025.10.19"]
[EventType "team"]

1. d4 d5 2. c4 c6 3. Nc3 Nf6 4. e3 Bf5 5. cxd5 cxd5 6. Qb3 Nc6 7. Qxb7 Bd7 8.
Qb3 Rb8 9. Qd1 e5 10. Nf3 Bd6 11. dxe5 Nxe5 12. Be2 Nxf3+ 13. Bxf3 Qc7 14. h3
O-O 15. O-O Rfd8 16. Qd3 Bh2+ 17. Kh1 Be5 18. Rd1 Ne4 19. Bxe4 dxe4 20. Qe2 Bf5
21. Rxd8+ Qxd8 22. g4 Be6 23. Nb5 Qh4 24. Kg2 h5 25. Nd4 Bxg4 0-1

[Event "40th ECC Open 2025"]
[Site "Rhodes GRE"]
[Date "2025.10.20"]
[Round "2.155"]
[White "Meessen, Rudolf"]
[Black "Maenken, Merlin"]
[Result "0-1"]
[WhiteTitle "FM"]
[WhiteElo "2200"]
[BlackElo "2165"]
[WhiteTeam "KSK Rochade (BEL)"]
[BlackTeam "Schachgesellschaft Solingen"]
[WhiteFideId "202029"]
[BlackFideId "34618961"]
[EventDate "2025.10.19"]
[EventType "team"]

1. d4 Nf6 2. Bg5 d5 3. Nf3 e6 4. e3 Bd6 5. c4 b6 6. cxd5 exd5 7. Nc3 Bb7 8. Rc1
Nbd7 9. Bd3 O-O 10. O-O c5 11. Re1 h6 12. Bh4 Re8 13. Bb5 Re6 14. Bd3 a6 15. Bf5
Re7 16. a4 Rb8 17. Qc2 Ba8 18. Rcd1 g6 19. Bh3 Kg7 20. Bxd7 Rxd7 21. Ne5 Rc7 22.
f4 Be7 23. Qe2 c4 24. Bxf6+ Bxf6 25. e4 b5 26. axb5 axb5 27. exd5 Bxd5 28. Ng4
Re7 29. Qf2 Rxe1+ 30. Qxe1 Be6 31. Nxf6 Qxf6 32. d5 Bf5 33. Qe5 Qxe5 34. fxe5 b4
35. Ne2 Bg4 36. Kf2 Kf8 37. h3 Bxe2 38. Kxe2 Re8 39. e6 fxe6 40. d6 Rb8 41. Ke3
Ke8 42. Kd4 Rc8 43. Ke5 Kd7 44. Kf6 c3 45. bxc3 bxc3 46. Rc1 c2 47. g4 g5 48.
Kg6 Kxd6 49. Kxh6 Rc5 50. Kh5 Kc6 51. h4 gxh4+ 52. Kxh4 Kb5 53. g5 Kb4 54. g6
Kb3 55. g7 Rc8 56. Kh5 Kb2 57. Rg1 c1=Q 58. g8=Q Rxg8 0-1

[Event "40th ECC Open 2025"]
[Site "Rhodes GRE"]
[Date "2025.10.20"]
[Round "2.156"]
[White "Kniest, Oliver"]
[Black "Huesmann, Thomas"]
[Result "0-1"]
[WhiteTitle "FM"]
[BlackTitle "FM"]
[WhiteElo "2170"]
[BlackElo "2119"]
[WhiteTeam "Schachgesellschaft Solingen"]
[BlackTeam "KSK Rochade (BEL)"]
[WhiteFideId "4620887"]
[BlackFideId "200441"]
[EventDate "2025.10.19"]
[EventType "team"]

1. Nf3 f5 2. g3 Nf6 3. Bg2 g6 4. O-O Bg7 5. d4 O-O 6. c4 d6 7. Nc3 c6 8. d5 e5
9. dxe6 Bxe6 10. b3 Qe7 11. Ng5 Na6 12. Nxe6 Qxe6 13. Bb2 Rad8 14. Qc2 Rfe8 15.
Rad1 Ne4 16. Nxe4 fxe4 17. Bxg7 Kxg7 18. Qc3+ Qe5 19. Qxe5+ Rxe5 20. Rd4 d5 21.
cxd5 Rdxd5 22. Rxe4 Rxe4 23. Bxe4 Rd2 24. Ra1 Kf6 25. Kf1 Ke5 26. Ke1 Rb2 27.
Bf3 Nb4 28. Rd1 Nxa2 29. Ra1 a6 30. Kd1 Kd4 31. Bg4 b5 32. Ke1 Nb4 33. Rd1+ Kc3
34. Be6 a5 35. f4 c5 36. g4 Nc2+ 37. Kf2 Nd4 38. Rd3+ Kb4 39. Re3 Nxe6 40. Rxe6
Kxb3 41. Rd6 c4 42. f5 gxf5 43. gxf5 c3 44. f6 Rd2 45. f7 Rxd6 46. f8=Q Rd1 47.
Qf3 Kb2 48. Qf6 b4 49. e4 a4 50. e5 a3 51. Qh4 b3 52. e6 a2 53. e7 Rd2+ 54. Ke3
a1=Q 55. e8=Q Qg1+ 56. Kf3 Qg2+ 0-1

[Event "40th ECC Open 2025"]
[Site "Rhodes GRE"]
[Date "2025.10.21"]
[Round "3.37"]
[White "Cheng, Bobby"]
[Black "Giri, Anish"]
[Result "0-1"]
[WhiteTitle "GM"]
[BlackTitle "GM"]
[WhiteElo "2596"]
[BlackElo "2759"]
[WhiteTeam "SV Werder Bremen"]
[BlackTeam "BayeganPendik chess sports"]
[WhiteFideId "4300033"]
[BlackFideId "24116068"]
[EventDate "2025.10.19"]
[EventType "team"]

1. d4 Nf6 2. c4 e6 3. Nf3 d5 4. g3 Bb4+ 5. Bd2 Be7 6. Bg2 O-O 7. O-O c6 8. Qc2
Nbd7 9. Bf4 h6 10. Rd1 a5 11. Ne5 a4 12. Nc3 a3 13. b3 g5 14. Nxd7 Nxd7 15. Bd2
f5 16. Na4 Rf7 17. Rab1 Bf8 18. Be1 h5 19. b4 b5 20. cxb5 cxb5 21. Nc3 Nb6 22.
Nxb5 Bd7 23. Nc3 Qf6 24. Rb3 Be8 25. Qd3 h4 26. Rc1 hxg3 27. hxg3 f4 28. Nb1 Nc4
29. Nd2 Bb5 30. g4 Nd6 31. Qf3 Qxd4 32. Nb1 Qe5 33. Bf1 Nc4 34. Bc3 Qd6 35. Bd4
e5 36. Bc5 Qe6 37. Bxf8 Raxf8 38. Qg2 Bd7 39. Nxa3 Nd2 40. Rh3 e4 41. Qh2 Qe5
42. Nb1 Nxf1 43. Kxf1 Bxg4 44. Rh6 Qb2 45. Rg6+ Rg7 46. Rxg7+ Qxg7 47. Rc3 e3
48. Qg2 Bxe2+ 49. Ke1 Bc4 50. Ra3 f3 51. Qg4 exf2+ 52. Kxf2 Qb2+ 0-1

[Event "40th ECC Open 2025"]
[Site "Rhodes GRE"]
[Date "2025.10.21"]
[Round "3.38"]
[White "Mamedyarov, Shakhriyar"]
[Black "Wachinger, Nikolas"]
[Result "1-0"]
[WhiteTitle "GM"]
[BlackTitle "IM"]
[WhiteElo "2742"]
[BlackElo "2456"]
[WhiteTeam "BayeganPendik chess sports"]
[BlackTeam "SV Werder Bremen"]
[WhiteFideId "13401319"]
[BlackFideId "12962791"]
[EventDate "2025.10.19"]
[EventType "team"]

1. Nf3 d5 2. b3 c5 3. Bb2 Nc6 4. e3 a6 5. d4 Nf6 6. a3 cxd4 7. Nxd4 Nxd4 8. Qxd4
Bf5 9. Bd3 Bxd3 10. cxd3 e6 11. Nd2 Rc8 12. Ke2 Bd6 13. Rac1 O-O 14. Rxc8 Qxc8
15. f4 Qd7 16. Rc1 Rc8 17. Rxc8+ Qxc8 18. b4 h5 19. Kd1 Qc6 20. h3 b6 21. Nf3 a5
22. bxa5 bxa5 23. Kd2 Bc5 24. Qc3 Qb6 25. Nd4 a4 26. Qc2 Nd7 27. Bc3 Qa6 28. Qb2
Bf8 29. Qb5 Qa7 30. Bb4 Bxb4+ 31. Qxb4 Nc5 32. Nc6 Qb7 33. Qxc5 Qb2+ 34. Qc2
Qxa3 35. Nd4 Qa1 36. Qc1 Qa2+ 37. Nc2 Qb3 38. Qa3 1-0

[Event "40th ECC Open 2025"]
[Site "Rhodes GRE"]
[Date "2025.10.21"]
[Round "3.39"]
[White "Colbow, Collin"]
[Black "Rapport, Richard"]
[Result "0-1"]
[WhiteTitle "IM"]
[BlackTitle "GM"]
[WhiteElo "2435"]
[BlackElo "2724"]
[WhiteTeam "SV Werder Bremen"]
[BlackTeam "BayeganPendik chess sports"]
[WhiteFideId "16201132"]
[BlackFideId "738590"]
[EventDate "2025.10.19"]
[EventType "team"]

1. e4 c5 2. Nf3 e6 3. d4 cxd4 4. Nxd4 a6 5. Bd3 Bc5 6. Nb3 Ba7 7. O-O Ne7 8. Qe2
Nbc6 9. Be3 O-O 10. Bxa7 Rxa7 11. c4 Ne5 12. Qe3 Nxd3 13. Qxa7 b6 14. Qb8 d6 15.
e5 Nxe5 16. Rd1 Nf5 17. Qa8 Qe7 18. Qe4 Bb7 19. Qf4 Ng6 20. Qc1 Nfh4 21. f3 Qf6
22. Qe3 Nxg2 23. Qd4 Qg5 24. Kf2 N2f4 0-1

[Event "40th ECC Open 2025"]
[Site "Rhodes GRE"]
[Date "2025.10.21"]
[Round "3.40"]
[White "Nihal, Sarin"]
[Black "Grigorian, Spartak"]
[Result "1-0"]
[WhiteTitle "GM"]
[BlackTitle "IM"]
[WhiteElo "2700"]
[BlackElo "2424"]
[WhiteTeam "BayeganPendik chess sports"]
[BlackTeam "SV Werder Bremen"]
[WhiteFideId "25092340"]
[BlackFideId "24661490"]
[EventDate "2025.10.19"]
[EventType "team"]

1. Nf3 d5 2. g3 Nf6 3. Bg2 c6 4. d3 Bg4 5. h3 Bxf3 6. Bxf3 Nbd7 7. O-O e5 8. e4
dxe4 9. dxe4 Bc5 10. Nd2 O-O 11. Qe2 a5 12. a4 Re8 13. Rd1 Qc7 14. h4 Nf8 15.
Nc4 Ne6 16. c3 Nd7 17. Kg2 Nb6 18. Bg4 Nxc4 19. Qxc4 Qb6 20. Rd7 h6 21. Ra2 Bxf2
22. Qf1 Nf8 23. Qxf2 Qxf2+ 24. Kxf2 h5 25. Bh3 Nxd7 26. Bxd7 Red8 27. Bh3 Rd1
28. Bg5 Re8 29. Bf1 Re6 30. Be2 Rb1 31. Bxh5 Rd6 32. Be2 b6 33. b4 f6 34. Bd2
Kf7 35. bxa5 bxa5 36. c4 Rd4 37. Bc3 Rd7 38. Bxa5 Rdb7 39. c5 Ke7 40. Bb6 1-0

[Event "40th ECC Open 2025"]
[Site "Rhodes GRE"]
[Date "2025.10.21"]
[Round "3.41"]
[White "Reuker, Jari"]
[Black "Yilmaz, Mustafa"]
[Result "0-1"]
[WhiteTitle "IM"]
[BlackTitle "GM"]
[WhiteElo "2390"]
[BlackElo "2591"]
[WhiteTeam "SV Werder Bremen"]
[BlackTeam "BayeganPendik chess sports"]
[WhiteFideId "12909300"]
[BlackFideId "6302718"]
[EventDate "2025.10.19"]
[EventType "team"]

1. e4 c5 2. Nf3 d6 3. Bb5+ Bd7 4. c4 Nc6 5. Nc3 e5 6. d3 Nge7 7. O-O Ng6 8. a3
Be7 9. Nd5 O-O 10. b4 f5 11. exf5 Bxf5 12. h3 Bf6 13. Ra2 Nce7 14. Nxf6+ gxf6
15. Nh2 a5 16. Ba4 axb4 17. axb4 Nc6 18. Bxc6 Rxa2 19. Bxb7 cxb4 20. Bh6 Nf4 21.
Bxf4 exf4 22. Qb3 Qa5 23. c5+ Kg7 24. Qd5 Bc8 25. Bxc8 Rxc8 26. Qe6 Rf8 27. cxd6
Ra1 28. Qd7+ Kh8 29. Qe7 Rxf1+ 30. Nxf1 Qd8 31. Qe6 Qe8 32. Qb3 Qb8 33. d7 Qd6
34. Nd2 Rd8 35. Ne4 Qe7 36. Qa4 Rxd7 37. Nxf6 Rxd3 38. Qa1 Rd8 39. Nd5+ Qg7 40.
Qxg7+ Kxg7 41. Nxb4 Rd4 42. Nc6 Rd1+ 43. Kh2 Kf6 44. g3 f3 45. g4 Ke6 46. Kg3
Kd5 47. Nd8 Ke4 48. Ne6 Rg1+ 49. Kh4 Kd3 50. Kg5 Ke2 51. Kf4 Kxf2 52. Ng5 Ra1
53. h4 Ra4+ 54. Kf5 Kg2 0-1

[Event "40th ECC Open 2025"]
[Site "Rhodes GRE"]
[Date "2025.10.21"]
[Round "3.42"]
[White "Can, Emre"]
[Black "Schulze, Lara"]
[Result "1-0"]
[WhiteTitle "GM"]
[BlackTitle "FM"]
[WhiteElo "2552"]
[BlackElo "2319"]
[WhiteTeam "BayeganPendik chess sports"]
[BlackTeam "SV Werder Bremen"]
[WhiteFideId "6302181"]
[BlackFideId "12956830"]
[EventDate "2025.10.19"]
[EventType "team"]

1. d4 Nf6 2. c4 e6 3. Nc3 Bb4 4. e3 O-O 5. Bd3 d5 6. Nf3 dxc4 7. Bxc4 c5 8. O-O
Nc6 9. a3 Ba5 10. h3 h6 11. Qd3 cxd4 12. exd4 Bb6 13. Rd1 Re8 14. Bf4 Bc7 15.
Bxc7 Qxc7 16. Rac1 Bd7 17. Ne4 Qf4 18. Nc5 Rab8 19. Ne5 Red8 20. Ncxd7 Nxd7 21.
Nxc6 bxc6 22. b4 Nb6 23. Bb3 Rd6 24. g3 Qf6 25. Qe4 Rbd8 26. Rxc6 Rxd4 27. Rxd4
Qxd4 28. Qxd4 Rxd4 29. Rc3 Kf8 30. Kf1 Rd2 31. Bc2 Rd7 32. Bb3 Rd2 33. a4 Rd4
34. a5 Nd5 35. Bxd5 exd5 36. b5 Rb4 37. Rc5 Ke7 38. Rc7+ Ke6 39. Rb7 Rb2 40. h4
g6 41. Ke1 f6 42. Kd1 h5 43. Kc1 Rb4 44. Kc2 Ke5 45. Kc3 Rb1 46. a6 Ke4 47. Rxa7
Rxb5 48. Re7+ Kf3 49. a7 Ra5 50. Kb4 Ra6 51. Re3+ Kxf2 52. Ra3 Rxa7 53. Rxa7
Kxg3 54. Rg7 Kxh4 55. Rxg6 Kh3 56. Kc3 h4 57. Kd4 Kh2 58. Ke3 h3 59. Kf2 f5 60.
Rg3 1-0